000 01225nam0a2200373 4500
001 RU\NLR\bibl\138512
005 20260408154100.0
010 _a5-8232-0187-7
_bВ пер.
_dБ. ц.
_92000
020 _aRU
_b98-37538
_9Книжная летопись
021 _aRU
_b98-31059
_91469
035 _a(NLR Aleph) 000135674
090 _a775629
_c775629
100 _a20000410d1998 u y0rusy50 ca
101 0 _arus
102 _aRU
105 _aa |||||||||
200 1 _aАссистирование при хирургических операциях
_fГ. А. Хай
210 _aСПб.
_cГиппократ
_d1998
215 _a382,[1] с.
_cил.
_d21
320 _aБиблиогр.: с. 379-380
606 _aОперации (хирург.)
_3RU\NLR\auth\6690901
_91056403
610 0 _aХирургические операции
675 _a617-089.166.2
_v3
_zrus
686 _a76.29
_2rugasnti
686 _a54.5
_2rubbk
686 _aР454
700 1 _aХай
_bГ. А.
_gГригорий Аронович
_4070
801 0 _aRU
_bRKP
_c20000410
_gPSBO
801 1 _aRU
_bRKP
_c20000410
801 2 _aRU
_bNLR
_c20010313
_grcr
852 _aNLR
_j99-5/4719
942 _cBOOK
980 _aNB